| 000 | 00774nam a2200289Ia 4500 | ||
|---|---|---|---|
| 001 | 5868 | ||
| 003 | IT-RoPAU | ||
| 008 | 130308s9999 xx 000 0 und d | ||
| 040 | _aIT-RoPAU | ||
| 040 | _cIT-RoPAU | ||
| 041 | _aITALIANO | ||
| 100 | _aPaolini Mariagrazia | ||
| 100 | _gCodice Aut. SPICS: 2896 | ||
| 245 | _aFemminismo agli inizi del secolo (Il) | ||
| 245 | _bFauvismo e l'espressionismo (Il) | ||
| 250 | _a1a ed. | ||
| 260 | _aMILANO | ||
| 260 | _bFratelli Fabbri Editori | ||
| 260 | _c1976 [1° Ed.:1976 - Ed.Ling.Originale:1976] | ||
| 300 | _a"2 p. (prefazione: no ; testo: 2 [pagine: 98-99])" | ||
| 650 | _aSTORIA DELLE ARTI VISIVE | ||
| 650 | _eCodice materia Spics: 5008 | ||
| 942 | _cBK | ||
| 957 | _71 | ||
| 999 |
_c47140 _d47140 |
||
| 999 | _bSI | ||
| 999 | _g1 | ||